Kidney : (Record no. 11373)
[ view plain ]
| 000 -LEADER | |
|---|---|
| fixed length control field | 03236nam a2200361Ii 4500 |
| 001 - CONTROL NUMBER | |
| control field | CRC0KE23124PDF |
| 003 - CONTROL NUMBER IDENTIFIER | |
| control field | BD-DhSAU |
| 005 - DATE AND TIME OF LATEST TRANSACTION | |
| control field | 20151012144302.0 |
| 006 - FIXED-LENGTH DATA ELEMENTS--ADDITIONAL MATERIAL CHARACTERISTICS | |
| fixed length control field | m|||||o||d|||||||| |
| 007 - PHYSICAL DESCRIPTION FIXED FIELD--GENERAL INFORMATION | |
| fixed length control field | cr|||| |
| 008 - FIXED-LENGTH DATA ELEMENTS--GENERAL INFORMATION | |
| fixed length control field | 130918s2014 fluadf ob 001 0 eng d |
| 020 ## - INTERNATIONAL STANDARD BOOK NUMBER | |
| International Standard Book Number | 9781466588127 (ebook : PDF) |
| 040 ## - CATALOGING SOURCE | |
| Original cataloging agency | BD-DhSAU |
| Language of cataloging | eng |
| Transcribing agency | BD-DhSAU |
| Description conventions | rda |
| 090 ## - LOCALLY ASSIGNED LC-TYPE CALL NUMBER (OCLC); LOCAL CALL NUMBER (OCLC) | |
| Classification number (OCLC) (R) ; Classification number, CALL (RLIN) (NR) | RC904 |
| Local cutter number (OCLC) ; Book number/undivided call number, CALL (RLIN) | .K53 2014 |
| 092 ## - LOCALLY ASSIGNED DEWEY CALL NUMBER (OCLC) | |
| Classification number | 616.61075 |
| Item number | K467 |
| 245 00 - TITLE STATEMENT | |
| Title | Kidney : |
| Remainder of title | toxicological assessment / |
| Statement of responsibility, etc. | editor, Sang Geon Kim, Professor of Pharmacology, College of Pharmacy, Seoul National University, Seoul, South Korea. |
| 264 #1 - PRODUCTION, PUBLICATION, DISTRIBUTION, MANUFACTURE, AND COPYRIGHT NOTICE | |
| Place of production, publication, distribution, manufacture | Boca Raton, Fla. : |
| Name of producer, publisher, distributor, manufacturer | Taylor & Francis, |
| Date of production, publication, distribution, manufacture, or copyright notice | [2014] |
| 300 ## - PHYSICAL DESCRIPTION | |
| Extent | 1 online resource : |
| Other physical details | text file, PDF |
| 336 ## - CONTENT TYPE | |
| Content type term | text |
| Source | rdacontent |
| 337 ## - MEDIA TYPE | |
| Media type term | computer |
| Source | rdamedia |
| 338 ## - CARRIER TYPE | |
| Carrier type term | online resource |
| Source | rdacarrier |
| 504 ## - BIBLIOGRAPHY, ETC. NOTE | |
| Bibliography, etc | Includes bibliographical references and index. |
| 505 0# - FORMATTED CONTENTS NOTE | |
| Formatted contents note | 1. Cellular organelle-based renal toxicity / Young-Jin Chun -- 2. Transcriptomic approaches to toxicity assessment / Dal Woong Choi, Woonun Jung, Il Je Cho, Min Sung Joo, Chan Gyu Lee, Sang Woo Lim, and Sang Geon Kim -- 3. Proteomic approaches to toxicity assessment / Sun Young Kim, So Jung Son, and Aree Moon -- 4. A metabolomics approach for evaluation of target-organ toxicity / Kyu-Bong Kim, A Jin Won, Suhkmann Kim, Byung Mu Lee, and Hyung Sik Kim -- 5. In silico approaches to study drug-induced renal toxicity / Rajiv Gandhi Govindaraj, Prasannavenkatesh Durai, and Sangdun Choi -- 6. Systems toxicology approaches / Hyobin Jeong, Sang Chul Rho, and Daehee Hwang -- 7. Introduction to virtual cell and its possible application to toxicity / Ji-Young Hong, Eun Bo Shim, and Kwang Hyun Cho -- 8. Molecular pathology of renal fibrosis / Inah Hwang, Joo young Huh, and Hunjoo Ha -- 9. Clinical implications of renal toxicity / Duk-Hee Kang -- 10. Classification of nephrotoxicants / Hang-Sik Roh, Jong-Kwon Lee, Tae-Sung Kim, Ji-Hyeon Seok, Ji-Hyun Yun,Ji-Young Yun, Saet-Byul Oh, Soon-Young Han and Jayoung Jeong. |
| 520 ## - SUMMARY, ETC. | |
| Summary, etc. | "This book bridges the gap between advances in basic biology and chemistry and technological applications in the field of toxicity assessments. 10 chapters describe major areas of progress in the laboratory and clinic. In the first section, the aspects of cellular organelles are discussed. In the second, the basic principles and applications of modern toxicological tools such as transcriptomic, proteomic, and metabolomic approaches are covered. In the third section, the recent developments on molecular modeling and systems biology are described with an eye on the future establishment of virtual cell technology. Finally the clinical implications for the understanding of acute and chronic renal toxicity are studied"--Provided by publisher. |
| 530 ## - ADDITIONAL PHYSICAL FORM AVAILABLE NOTE | |
| Additional physical form available note | Also available in print format. |
| 650 #0 - SUBJECT ADDED ENTRY--TOPICAL TERM | |
| Topical term or geographic name as entry element | Kidneys |
| General subdivision | Diseases. |
| 650 #0 - SUBJECT ADDED ENTRY--TOPICAL TERM | |
| Topical term or geographic name as entry element | Renal pharmacology. |
| 650 #0 - SUBJECT ADDED ENTRY--TOPICAL TERM | |
| Topical term or geographic name as entry element | Toxicity testing. |
| 655 #7 - INDEX TERM--GENRE/FORM | |
| Genre/form data or focus term | Electronic books. |
| Source of term | lcsh |
| 700 1# - ADDED ENTRY--PERSONAL NAME | |
| Personal name | Kim, Sang Geon, |
| Relator term | editor of compilation. |
| 776 08 - ADDITIONAL PHYSICAL FORM ENTRY | |
| Relationship information | Print version: |
| International Standard Book Number | 9781466588110 (hardback : alk. paper) |
| 856 40 - ELECTRONIC LOCATION AND ACCESS | |
| Uniform Resource Identifier | <a href="http://marc.crcnetbase.com/isbn/9781466588127">http://marc.crcnetbase.com/isbn/9781466588127</a> |
| Electronic format type | application/PDF |
No items available.
